000 02079cad a22002535a 4500
001 L148106
008 090728e20090624xxk f v 000 0 eng d
035 _a(Sirsi) u148106
041 0 _aeng
245 _aChristine Reeves v Beatrice Blake
_h[electronic resource]
260 _c2009
520 _a[2009] EWCA Civ 611, 24 June 2009. The case considers whether surveyors had the right to direct payment of costs incurred for an actual or contemplated litigation in court. Ms Reeves (R) appealed against a decision where it was held that a party wall award could not provide for litigation costs incurred by an adjoining neighbour. Ms Blake (B) bought a end of terrace house. To the right of the flank wall is R's driveway. B proposed to demolish her house to replace it with a new flat building including one flat at basement level. She served two notices on R under the Party Wall Act 1996 S1(5) and S6(1). R determined that an extra award was necessary to be able to continue the works. B suspended the works until the matter was solved. Another surveyor produced an award requiring B to pay R's legal costs incurred in respect of the contemplated proceedings. The judge of the county court varied the award by suppressing the direction as to legal costs. R appealed against this decision. "Held:" The judge concluded that it is against the spirit of the 1996 Act to make provision for costs incurred for actual or contemplated litigation in court. The appeal is dismissed.
590 _aKA
650 2 4 _aCHRISTINE REEVES V BEATRICE BLAKE
650 2 4 _aONIGBANJO V PEARSON
650 2 4 _aWOODHOUSE V CONSOLIDATED PROPERTY CORPORATION LTD
650 2 4 _aLOUIS V SADIQ
650 2 4 _aPARTY WALL ACT 1996
651 4 _aEngland and Wales
_y1543-
690 _aMANAGEMENT-DISPUTE AVOIDANCE, MANAGEMENT AND RESOLUTION-DISPUTE MANAGEMENT AND RESOLUTION
690 _aPROPERTY-PROPERTY MANAGEMENT-EASEMENTS-PARTY WALL SURVEYING-PARTY WALLS
856 4 0 _uhttps://www.bailii.org/ew/cases/EWCA/Civ/2009/611.html
_zView the case free of charge at www.bailli.org...
942 _n0
999 _c81731
_d81731